000 00434nam a2200193Ia 4500
001 14354
003 GE_BSU
008 181216s||||||||xx |||||||||||||| ||und||
040 _cGE_BSU
080 _a82-93
100 _aStevenson,Robert Louis
245 2 _aA child's Garden of verses
260 _aLondon
260 _bPuffin books
260 _c1952
300 _a109p.20cm.
653 _aA child's Garden of verses
942 _cBK
999 _c47490
_d47490